|
|
|
|
| LEADER |
03515nam a2200541 4500 |
| 001 |
978-3-030-10791-8 |
| 003 |
DE-He213 |
| 005 |
20191220130548.0 |
| 007 |
cr nn 008mamaa |
| 008 |
190201s2019 gw | s |||| 0|eng d |
| 020 |
|
|
|a 9783030107918
|9 978-3-030-10791-8
|
| 024 |
7 |
|
|a 10.1007/978-3-030-10791-8
|2 doi
|
| 040 |
|
|
|d GrThAP
|
| 050 |
|
4 |
|a TA1671-1707
|
| 050 |
|
4 |
|a TA1501-1820
|
| 072 |
|
7 |
|a PHJ
|2 bicssc
|
| 072 |
|
7 |
|a SCI053000
|2 bisacsh
|
| 072 |
|
7 |
|a PHJ
|2 thema
|
| 072 |
|
7 |
|a TTB
|2 thema
|
| 082 |
0 |
4 |
|a 621.36
|2 23
|
| 100 |
1 |
|
|a Seidel, Marcus.
|e author.
|4 aut
|4 http://id.loc.gov/vocabulary/relators/aut
|
| 245 |
1 |
2 |
|a A New Generation of High-Power, Waveform Controlled, Few-Cycle Light Sources
|h [electronic resource] /
|c by Marcus Seidel.
|
| 250 |
|
|
|a 1st ed. 2019.
|
| 264 |
|
1 |
|a Cham :
|b Springer International Publishing :
|b Imprint: Springer,
|c 2019.
|
| 300 |
|
|
|a XVIII, 227 p. 108 illus., 104 illus. in color.
|b online resource.
|
| 336 |
|
|
|a text
|b txt
|2 rdacontent
|
| 337 |
|
|
|a computer
|b c
|2 rdamedia
|
| 338 |
|
|
|a online resource
|b cr
|2 rdacarrier
|
| 347 |
|
|
|a text file
|b PDF
|2 rda
|
| 490 |
1 |
|
|a Springer Theses, Recognizing Outstanding Ph.D. Research,
|x 2190-5053
|
| 505 |
0 |
|
|a Introduction -- Proof of Concept: Few-Cycle Pulse Generation and Carrier-Envelope-Phase Stabilization -- Power Scalable Concepts -- From the Near- to the Mid-Infrared -- Outlook and Conclusions -- Appendix.
|
| 520 |
|
|
|a This thesis presents first successful experiments to carrier-envelope-phase stabilize a high-power mode-locked thin-disk oscillator and to compress the pulses emitted from this laser to durations of only a few-optical cycles. Moreover, the monograph introduces several methods to achieve power-scalability of compression and stabilization techniques. All experimental approaches are compared in detail and may serve as a guideline for developing high-power waveform controlled, few-cycle light sources which offer tremendous potential to exploit extreme nonlinear optical effects at unprecedentedly high repetition rates and to establish table-top infrared light sources with a unique combination of brilliance and bandwidth. As an example, the realization of a multi-Watt, multi-octave spanning, mid-infrared femtosecond source is described. The thesis starts with a basic introduction to the field of ultrafast laser oscillators. It subsequently presents additional details of previously published research results and establishes a connection between them. It therefore addresses both newcomers to, and experts in the field of high-power ultrafast laser development.
|
| 650 |
|
0 |
|a Lasers.
|
| 650 |
|
0 |
|a Photonics.
|
| 650 |
|
0 |
|a Quantum optics.
|
| 650 |
|
0 |
|a Optical materials.
|
| 650 |
|
0 |
|a Electronic materials.
|
| 650 |
1 |
4 |
|a Optics, Lasers, Photonics, Optical Devices.
|0 http://scigraph.springernature.com/things/product-market-codes/P31030
|
| 650 |
2 |
4 |
|a Quantum Optics.
|0 http://scigraph.springernature.com/things/product-market-codes/P24050
|
| 650 |
2 |
4 |
|a Optical and Electronic Materials.
|0 http://scigraph.springernature.com/things/product-market-codes/Z12000
|
| 710 |
2 |
|
|a SpringerLink (Online service)
|
| 773 |
0 |
|
|t Springer eBooks
|
| 776 |
0 |
8 |
|i Printed edition:
|z 9783030107901
|
| 776 |
0 |
8 |
|i Printed edition:
|z 9783030107925
|
| 830 |
|
0 |
|a Springer Theses, Recognizing Outstanding Ph.D. Research,
|x 2190-5053
|
| 856 |
4 |
0 |
|u https://doi.org/10.1007/978-3-030-10791-8
|z Full Text via HEAL-Link
|
| 912 |
|
|
|a ZDB-2-PHA
|
| 950 |
|
|
|a Physics and Astronomy (Springer-11651)
|